=LDR 00000nam 2200000 4500 =001 INLIS000000000039103 =005 20130612144745 =008 ***********************************ind** =035 ##$$0010-061300000039103 =041 ##$$a ind =082 ##$$a 813 =090 ##$$a 813, And m =100 ##$$a Andriana, Lia Indra =245 ##$$a Marrying Aids, Emang kenapa kalau Naksir cowok AIDS, Lia Indra Andriana; Editor, Th. Ari Prabawati =650 ##$$a Fiksi =850 ##$$a NBPNMAT